Normal view
MARC view
- المرور-السائق
Entry Topical Term
001 - CONTROL NUMBER
- control field: 7845
003 - CONTROL NUMBER IDENTIFIER
- control field: JO-AjAnu
005 - DATE AND TIME OF LATEST TRANSACTION
- control field: 20230606071552.0
008 - FIXED-LENGTH DATA ELEMENTS
- fixed length control field: 230606|| aca||aabn | a|a d
040 ## - CATALOGING SOURCE
- Original cataloging agency: JO-AjAnu
- Transcribing agency: JO-AjAnu
150 ## - HEADING--TOPICAL TERM
- Topical term or geographic name entry element: المرور-السائق
670 ## - SOURCE DATA FOUND
- Source citation: Work cat.: (JO-AjAnu)4053: الكاشف،جمال, author 7844, مشكلة الخطر الثالث السائق النموذجي